02289nam a2200265Ia 4500952011600000952011200116952011300228999001700341008004100358020001800399050002500417110002700442245014200469250002000611260003200631300003800663500002300701500012500724505096500849519004501814519004501859519004501904650006201949942001202011 00104070a04b04d2008-11-14l12m1oC KGF3230 A28 2008p04 002395r2016-05-11s2016-05-11t1w2012-06-24yLB 00104070a04b04d2008-11-14l5oC KGF3230 A28 2008p04 002396r2016-05-11s2016-05-11t2w2012-06-24yLB 00104070a04b04d2009-01-20l10oC KGF3230 A28 2008p04 002473r2016-05-11s2016-05-11t4w2012-06-24yLB c62455d62455120625s2008 mx l 001 0 sp d a9789708111096 4aC KGF3230 bA28 20081 aMéxico. Leyes, etc. 10aAgenda de la Administración Pública Federal 2008 b : compendio de leyes, reglamentos y otras disposiciones conexas sobre la materia  a20a. edición  aMéxicob : ISEF c , 2008 a[paginación varia] c ; 17 cm.  a1a. edición 1999 aEsta edición contiene las disposiciones publicadas hasta la fecha de impresión de este producto; 02 de enero de 20080 aLey Orgánica de la Administración Pública Federal Ley Federal de Procedimiento Administrativo Ley Federal de las Entidades Paraestatales y Reglamento Relación de Entidades Paraestatales de la Administración Pública Federal Sujetas a la Ley Federal de las Entidades Paraestatales y su Reglamento Acuerdo para la Adopción y Uso por la Administración Pública Federal de la Clave Única de Registro de Población Ley General de Desarrollo Social Ley de Expropiación Ley Sobre la Celebración de Tratados Ley Sobre la Aprobación de Tratados Internacionales en Materia Económica Ley de Planeación Ley Federal de Presupuesto y Responsabilidad Hacendaria y Reglamento Ley General de Deuda Pública Ley de Adquisiciones, Arrendamientos y Servicios del Sector Público y Reglamento Ley de Obras Públicas y Servicios Relacionados con las Mismas y Reglamento Ley del Diario Oficial de la Federación y Gacetas Gubernamentales  aMaterial Complementario / d(04 002395)  aMaterial Complementario / d(04 002396)  aMaterial Complementario / d(04 002473)  4aDERECHO ADMINISTRATIVOvLEYES Y LEGISLACIÓN zMÉXICO  cLB2lcc